[Event "37. Torneo Internacional de La Roda"]
[Site "La Roda ESP"]
[Date "2010.04.03"]
[Round "6.21"]
[White "Suarez Uriel, Adrian"]
[Black "Fernandez Siles, Luis"]
[Result "1/2-1/2"]
[WhiteElo "2152"]
[BlackElo "2364"]
[PlyCount "129"]
[EventDate "2010.03.31"]
[EventType "swiss"]
[EventRounds "9"]
[EventCountry "ESP"]
[Source "lmi"]
[SourceDate "2010.03.31"]

1. e4 c5 2. Ne2 Nc6 3. Nbc3 g6 4. d4 cxd4 5. Nxd4 Bg7 6. Be3 Nf6 7. Bc4 O-O 8.
Bb3 d6 9. f3 Bd7 10. Qd2 Rc8 11. Nxc6 bxc6 12. Bh6 c5 13. Bc4 Rb8 14. Bxg7 Kxg7
15. b3 Qa5 16. O-O Be6 17. Bxe6 fxe6 18. Rad1 e5 19. Nd5 Qxd2 20. Rxd2 Nxd5 21.
Rxd5 a5 22. Rd3 Rb4 23. Rb1 Ra8 24. Kf2 Kf6 25. Ke3 Ke6 26. Rc3 Rbb8 27. Rc4 g5
28. Ra4 h5 29. a3 Rg8 30. Rf1 Kd7 31. g3 Kc6 32. Rc4 e6 33. Rc3 d5 34. Rd3 d4+
35. Ke2 Rab8 36. Rb1 c4 37. Rdd1 Kc5 38. Rf1 Rgf8 39. Kd2 g4 40. fxg4 hxg4 41.
bxc4 Kxc4 42. Rxb8 Rxf1 43. Rc8+ Kb5 44. Re8 Rf2+ 45. Kd1 Rxh2 46. Rxe6 Rh5 47.
Kc1 Rh3 48. Rxe5+ Kc4 49. Rxa5 Rxg3 50. Rf5 d3 51. cxd3+ Kc3 52. Rc5+ Kxd3 53.
e5 Re3 54. e6 Rxe6 55. Rg5 Re4 56. Kb2 Ke3 57. Kb3 Kf2 58. Rf5+ Ke2 59. Rg5 Kf3
60. a4 g3 61. a5 g2 62. a6 Re6 63. a7 Ra6 64. Rf5+ Kg4 65. Rf7 1/2-1/2

[Event "37. Torneo Internacional de La Roda"]
[Site "La Roda ESP"]
[Date "2010.04.03"]
[Round "6.22"]
[White "Cano Sanchez, Josue"]
[Black "Fernandez Lledo, Javier"]
[Result "1-0"]
[WhiteElo "2343"]
[BlackElo "2080"]
[PlyCount "86"]
[EventDate "2010.03.31"]
[EventType "swiss"]
[EventRounds "9"]
[EventCountry "ESP"]
[Source "lmi"]
[SourceDate "2010.03.31"]

1. d4 Nf6 2. Nf3 g6 3. c4 Bg7 4. Nc3 O-O 5. e4 d6 6. h3 e5 7. d5 Nbd7 8. Bg5 h6
9. Be3 Nc5 10. Nd2 a5 11. Be2 Nh7 12. O-O f5 13. exf5 gxf5 14. f4 e4 15. Nb3
Nxb3 16. axb3 c5 17. dxc6 bxc6 18. Qd2 Rb8 19. Ra3 Rf7 20. Rfa1 a4 21. Rxa4
Rxb3 22. Ra8 Rfb7 23. R1a2 Rb8 24. Rxb8 Rxb8 25. Kh2 Be6 26. Ra6 Qc7 27. Ra7
Qd8 28. Bd4 Nf6 29. b4 c5 30. Bxf6 Bxf6 31. Nb5 Qb6 32. bxc5 dxc5 33. Qa2 Qd8
34. Qa6 Rb6 35. Qa3 Be7 36. Ra8 Rb8 37. Qg3+ Kh7 38. Ra7 Bd7 39. Bh5 Rb6 40.
Bf7 Bh4 41. Qe3 Bxb5 42. cxb5 Qd4 43. Qb3 Qg7 1-0

[Event "37. Torneo Internacional de La Roda"]
[Site "La Roda ESP"]
[Date "2010.04.03"]
[Round "6.23"]
[White "Guadamuro Torrente, Anabel"]
[Black "Sanchez Gonzalez, Sergio"]
[Result "1/2-1/2"]
[WhiteElo "2090"]
[BlackElo "2322"]
[PlyCount "125"]
[EventDate "2010.03.31"]
[EventType "swiss"]
[EventRounds "9"]
[EventCountry "ESP"]
[Source "lmi"]
[SourceDate "2010.03.31"]

1. e4 c5 2. Nf3 d6 3. d4 Nf6 4. Nc3 cxd4 5. Nxd4 e6 6. h3 Nc6 7. g4 h6 8. Bg2
Bd7 9. Be3 Ne5 10. O-O a6 11. Re1 Qc7 12. f4 Nc4 13. Bc1 e5 14. Nb3 Qb6+ 15.
Kh1 g5 16. Nd5 Nxd5 17. exd5 gxf4 18. Bxf4 O-O-O 19. Qd3 Qc7 20. Bg3 Be7 21.
Nd4 h5 22. Nc6 bxc6 23. Qxc4 c5 24. Qxa6+ Qb7 25. Qxb7+ Kxb7 26. Bxe5 dxe5 27.
d6+ Bc6 28. Bxc6+ Kxc6 29. dxe7 Rd5 30. c4 Rd3 31. Rxe5 Re8 32. gxh5 f6 33.
Re6+ Kd7 34. Rae1 Rxh3+ 35. Kg2 Rxh5 36. R6e3 Rg5+ 37. Kf2 Rh5 38. Rd3+ Kc7 39.
Rg3 Rh2+ 40. Rg2 Rh7 41. Kf3 Rexe7 42. Rxe7+ Rxe7 43. Kf4 Re1 44. Kf5 Rf1+ 45.
Ke6 Kb6 46. Rd2 Ka5 47. Kd5 Rf5+ 48. Kc6 Kb4 49. Rd5 Rg5 50. Rd2 Kxc4 51. Rf2
f5 52. Rf4+ Kd3 53. Kxc5 Ke3 54. Rf1 f4+ 55. Kb6 Rg2 56. b4 Rxa2 57. b5 f3 58.
Kc7 Rc2+ 59. Kd7 Rb2 60. Kc6 Ke2 61. Rh1 Rc2+ 62. Kd7 Rd2+ 63. Kc7 1/2-1/2

[Event "37. Torneo Internacional de La Roda"]
[Site "La Roda ESP"]
[Date "2010.04.03"]
[Round "6.24"]
[White "Vidarte Morales, Arturo"]
[Black "Gomez, Gustavo Pizzocaro"]
[Result "1/2-1/2"]
[WhiteElo "2438"]
[BlackElo "2137"]
[PlyCount "107"]
[EventDate "2010.03.31"]
[EventType "swiss"]
[EventRounds "9"]
[EventCountry "ESP"]
[Source "lmi"]
[SourceDate "2010.03.31"]

1. c4 e5 2. g3 Nc6 3. Nc3 Nf6 4. Nf3 Bb4 5. Bg2 O-O 6. O-O d6 7. Nd5 Bc5 8.
Nxf6+ Qxf6 9. d3 h6 10. Nd2 Qe7 11. Ne4 Bb6 12. Nc3 Be6 13. e3 Rae8 14. b3 Qd7
15. Nd5 Bg4 16. Qc2 Bh3 17. b4 Bxg2 18. Kxg2 Ne7 19. Nxe7+ Qxe7 20. a4 c6 21.
c5 Bc7 22. cxd6 Bxd6 23. b5 cxb5 24. axb5 Rc8 25. Qb3 Bc5 26. Ba3 Rfd8 27. Rfc1
Bxa3 28. Rxc8 Rxc8 29. Qxa3 Qxa3 30. Rxa3 Rc5 31. Rxa7 Rxb5 32. g4 Kf8 33. Kf3
Ke7 34. Ra8 Rb2 35. h4 Kf6 36. Rd8 Rb3 37. Ke4 Rb4+ 38. d4 exd4 39. exd4 Rb2
40. f4 Re2+ 41. Kf3 Re6 42. Rd7 Rb6 43. f5 Rb1 44. Kf4 Rf1+ 45. Ke4 Rg1 46. g5+
hxg5 47. hxg5+ Rxg5 48. Rd6+ Ke7 49. Rb6 Rg1 50. Rxb7+ Kf6 51. Rb6+ Kg5 52. Rb7
Kf6 53. Rb6+ Kg5 54. Rb7 1/2-1/2

[Event "37. Torneo Internacional de La Roda"]
[Site "La Roda ESP"]
[Date "2010.04.03"]
[Round "7.2"]
[White "Gonzalez Vidal, Yuri"]
[Black "Bruzon Batista, Lazaro"]
[Result "0-1"]
[WhiteElo "2512"]
[BlackElo "2641"]
[PlyCount "76"]
[EventDate "2010.03.31"]
[EventType "swiss"]
[EventRounds "9"]
[EventCountry "ESP"]
[Source "lmi"]
[SourceDate "2010.03.31"]

1. e4 c5 2. Nf3 e6 3. d4 cxd4 4. Nxd4 a6 5. Nc3 b5 6. Bd3 Qb6 7. Nb3 Qc7 8. Be3
Bb7 9. Qe2 Nf6 10. f3 d6 11. g4 Nc6 12. O-O-O Nd7 13. Qf2 Nce5 14. Kb1 Be7 15.
g5 O-O 16. h4 b4 17. Ne2 d5 18. Ng3 a5 19. Nd4 a4 20. h5 b3 21. axb3 axb3 22.
Nxb3 Nxd3 23. Rxd3 Ne5 24. Rc3 Nc4 25. g6 Bf6 26. gxh7+ Kxh7 27. Bd4 e5 28. h6
g6 29. Bc5 Rfb8 30. Re1 Bh4 31. Rh1 Bxg3 32. Qxg3 Bc8 33. exd5 Rxb3 34. Rxc4
Bf5 35. d6 Qa5 36. Kc1 Rxb2 37. Qxe5 Qa1+ 38. Kd2 Rxc2+ 0-1

[Event "37. Torneo Internacional de La Roda"]
[Site "La Roda ESP"]
[Date "2010.04.03"]
[Round "7.6"]
[White "Kovacevic, Slobodan"]
[Black "Burmakin, Vladimir"]
[Result "1/2-1/2"]
[WhiteElo "2383"]
[BlackElo "2604"]
[PlyCount "177"]
[EventDate "2010.03.31"]
[EventType "swiss"]
[EventRounds "9"]
[EventCountry "ESP"]
[Source "lmi"]
[SourceDate "2010.03.31"]

1. d4 c6 2. Nf3 d5 3. Bf4 Qb6 4. Qc1 Nf6 5. h3 Bf5 6. e3 e6 7. Be2 c5 8. O-O
Nc6 9. c3 Be7 10. Nbd2 O-O 11. Nh4 Be4 12. Nhf3 Bg6 13. Nh4 Be4 14. Nhf3 Rac8
15. Nxe4 Nxe4 16. Rb1 Bd6 17. Bxd6 Nxd6 18. Qd1 Qa5 19. Ra1 c4 20. Qc2 b5 21.
b4 Qa3 22. Nd2 Ra8 23. Nb1 Qa6 24. a4 bxa4 25. Rxa4 Qb6 26. Nd2 a5 27. Rfa1 Ra7
28. bxa5 Rxa5 29. e4 Rxa4 30. Rxa4 f5 31. exd5 exd5 32. Bf3 Ne4 33. Bxe4 fxe4
34. Qa2 Ne7 35. Ra8 Rxa8 36. Qxa8+ Kf7 37. Qa1 h5 38. Nf1 Nf5 39. Qa8 Qd6 40.
Qh8 Qg6 41. Qd8 Qe6 42. Qg5 Qg6 43. Qf4 Qf6 44. Qc7+ Qe7 45. Qf4 Qf6 46. Qc7+
Qe7 47. Qc8 Qe6 48. Qc7+ Qe7 49. Qf4 Qf6 50. Qc7+ Qe7 51. Qc8 Qe6 52. Qh8 Kg6
53. Qb8 Kh7 54. Qf4 Kg6 55. Kh2 Qf6 56. Kg1 Qe6 57. g4 hxg4 58. hxg4 Ne7 59.
Ne3 Qf6 60. Qh2 Kf7 61. Qh5+ g6 62. Qh7+ Kf8 63. Qh2 Kf7 64. Qc7 Qe6 65. Kg2
Qf6 66. Qd7 Qe6 67. Qd8 Qf6 68. Qc7 Qe6 69. Kg1 Kf8 70. Kh2 Qf6 71. Kg2 Qe6 72.
Qd8+ Kf7 73. Kf1 Qc6 74. Kg2 Qf6 75. Qc7 Qe6 76. Kg3 Qf6 77. Nxd5 Qf3+ 78. Kh4
Qxf2+ 79. Kg5 Qd2+ 80. Qf4+ Qxf4+ 81. Nxf4 e3 82. Kh4 Nd5 83. Ne2 Kf6 84. Kg3
Ke6 85. Kf3 Kd6 86. Ke4 Ke6 87. Kf3 Kd6 88. Ke4 Ke6 89. Nf4+ 1/2-1/2

[Event "37. Torneo Internacional de La Roda"]
[Site "La Roda ESP"]
[Date "2010.04.03"]
[Round "7.7"]
[White "Paunovic, Dragan"]
[Black "Ramiro Ovejero, Juan Luis"]
[Result "1-0"]
[WhiteElo "2551"]
[BlackElo "2375"]
[PlyCount "107"]
[EventDate "2010.03.31"]
[EventType "swiss"]
[EventRounds "9"]
[EventCountry "ESP"]
[Source "lmi"]
[SourceDate "2010.03.31"]

1. Nf3 d5 2. d4 Nf6 3. c4 dxc4 4. e3 Bg4 5. Bxc4 e6 6. O-O Nbd7 7. h3 Bh5 8. b3
Bd6 9. Bb2 O-O 10. Be2 c5 11. Nbd2 cxd4 12. Nxd4 Bxe2 13. Qxe2 a6 14. Rfd1 Qe7
15. Nc4 Bc5 16. Qf3 Nb6 17. Rac1 Nxc4 18. Rxc4 Rfd8 19. Rdc1 Bd6 20. Ne2 Nd5
21. Ng3 Ba3 22. Bxa3 Qxa3 23. e4 Nb6 24. Rc7 Rd7 25. Qe3 Rxc7 26. Rxc7 Qd6 27.
Rxb7 Nd7 28. Qc3 g6 29. Qc7 Qxc7 30. Rxc7 Nf6 31. Kf1 h5 32. h4 a5 33. f3 a4
34. b4 a3 35. Rc3 Rb8 36. Rxa3 Rxb4 37. Rb3 Rc4 38. Ne2 Rc2 39. a4 Ra2 40. Nc3
Ra1+ 41. Ke2 Nd7 42. Rb5 Kf8 43. Kd3 Ke7 44. e5 Kd8 45. f4 Kc7 46. Kc4 Kc6 47.
g3 Nb6+ 48. Kb4 Nxa4 49. Ra5 Nxc3 50. Rxa1 Ne2 51. Kc4 Nxg3 52. Ra7 Nf5 53.
Rxf7 Nxh4 54. Re7 1-0

[Event "37. Torneo Internacional de La Roda"]
[Site "La Roda ESP"]
[Date "2010.04.03"]
[Round "7.8"]
[White "Chueca Forcen, Alberto"]
[Black "Cori Tello, Jorge"]
[Result "1-0"]
[WhiteElo "2282"]
[BlackElo "2500"]
[PlyCount "157"]
[EventDate "2010.03.31"]
[EventType "swiss"]
[EventRounds "9"]
[EventCountry "ESP"]
[Source "lmi"]
[SourceDate "2010.03.31"]

1. d4 Nf6 2. c4 c6 3. Nc3 d5 4. Nf3 e6 5. Bg5 Nbd7 6. cxd5 cxd5 7. e3 a6 8. Bd3
h6 9. Bh4 Bd6 10. Rc1 b5 11. O-O Bb7 12. Qe2 O-O 13. Bg3 Bxg3 14. hxg3 Rc8 15.
Nb1 Qe7 16. Nbd2 Ne4 17. Nb3 Nd6 18. Nc5 Nxc5 19. dxc5 Nc4 20. b3 Na5 21. b4
Nc4 22. a4 e5 23. e4 Rfd8 24. Rfe1 dxe4 25. Bxe4 Bxe4 26. Qxe4 f6 27. axb5 axb5
28. Ra1 Qf7 29. g4 Qd7 30. Ra6 Qd3 31. Qb7 Rb8 32. Qc6 Qd7 33. Qxd7 Rxd7 34.
Rea1 Kf7 35. Ra7 Rbd8 36. c6 Re7 37. Rxe7+ Kxe7 38. Ra7+ Kd6 39. Rxg7 Kxc6 40.
Rg6 Rd6 41. Rxh6 Kd5 42. Nh4 Ke4 43. f3+ Kd3 44. Nf5 Rb6 45. Ne7 Rd6 46. Kh2 e4
47. fxe4 Kxe4 48. Nf5 Ra6 49. Ng3+ Kf4 50. Kh3 Ne5 51. Rh5 Ke3 52. Rf5 Kd4 53.
Nh5 Kc4 54. Nxf6 Re6 55. Rf4+ Kb3 56. g5 Ng6 57. Rg4 Re5 58. Nd7 Rf5 59. Nc5+
Kc3 60. Ne6 Re5 61. Nf4 Nxf4+ 62. Rxf4 Rxg5 63. g4 Rg8 64. Kh4 Rh8+ 65. Kg5 Kd3
66. Kg6 Ke3 67. Rf5 Rg8+ 68. Kh5 Rh8+ 69. Kg5 Rg8+ 70. Kh4 Rh8+ 71. Rh5 Rb8 72.
Rf5 Ke4 73. Kg3 Rb7 74. Rc5 Kd4 75. g5 Ke4 76. Kg4 Rb6 77. Kh5 Rb8 78. g6 Rh8+
79. Kg5 1-0

[Event "37. Torneo Internacional de La Roda"]
[Site "La Roda ESP"]
[Date "2010.04.03"]
[Round "7.9"]
[White "Plaskett, H James"]
[Black "Cano Sanchez, Josue"]
[Result "1/2-1/2"]
[WhiteElo "2494"]
[BlackElo "2343"]
[PlyCount "29"]
[EventDate "2010.03.31"]
[EventType "swiss"]
[EventRounds "9"]
[EventCountry "ESP"]
[Source "lmi"]
[SourceDate "2010.03.31"]

1. b3 d5 2. Bb2 c6 3. g3 Bf5 4. Nf3 e6 5. Bg2 Nf6 6. O-O Be7 7. d3 h6 8. Nbd2
O-O 9. c4 Nbd7 10. a3 Bh7 11. b4 Bd6 12. Qc2 a5 13. e4 Qb8 14. Rab1 axb4 15.
axb4 1/2-1/2

[Event "37. Torneo Internacional de La Roda"]
[Site "La Roda ESP"]
[Date "2010.04.03"]
[Round "7.10"]
[White "Mekhitarian, Krikor Sevag"]
[Black "Antoli Royo, Joaquin Miguel"]
[Result "1/2-1/2"]
[WhiteElo "2490"]
[BlackElo "2399"]
[PlyCount "41"]
[EventDate "2010.03.31"]
[EventType "swiss"]
[EventRounds "9"]
[EventCountry "ESP"]
[Source "lmi"]
[SourceDate "2010.03.31"]

1. e4 c5 2. Nf3 Nc6 3. d4 cxd4 4. Nxd4 e5 5. Nb5 a6 6. Nd6+ Bxd6 7. Qxd6 Qf6 8.
Qd1 Qg6 9. Nc3 Nge7 10. h4 h5 11. Bg5 d5 12. exd5 Nd4 13. Bd3 Bf5 14. Bxf5
Nexf5 15. Qd3 O-O 16. O-O-O f6 17. Be3 Qxg2 18. Bxd4 Nxd4 19. Rhg1 Qf3 20. Qg6
Rf7 21. Kb1 1/2-1/2

[Event "37. Torneo Internacional de La Roda"]
[Site "La Roda ESP"]
[Date "2010.04.03"]
[Round "7.11"]
[White "Aloma Vidal, Robert"]
[Black "Camacho Collados, Marcos"]
[Result "1-0"]
[WhiteElo "2462"]
[BlackElo "2279"]
[PlyCount "47"]
[EventDate "2010.03.31"]
[EventType "swiss"]
[EventRounds "9"]
[EventCountry "ESP"]
[Source "lmi"]
[SourceDate "2010.03.31"]

1. d4 d6 2. Nf3 Nf6 3. g3 g6 4. Bg2 Bg7 5. O-O O-O 6. c4 c6 7. Nc3 Qb6 8. b3 e5
9. d5 cxd5 10. cxd5 Bf5 11. Nd2 Qa5 12. Bb2 b5 13. a4 b4 14. Na2 Na6 15. e4 Bg4
16. f3 Bc8 17. Nc4 Qd8 18. f4 Qc7 19. Rc1 Nc5 20. fxe5 Bg4 21. Qc2 Nh5 22. exd6
Qd8 23. Bxg7 Nxg7 24. Ne3 1-0

[Event "37. Torneo Internacional de La Roda"]
[Site "La Roda ESP"]
[Date "2010.04.03"]
[Round "7.12"]
[White "Espinosa Aranda, Angel"]
[Black "Guerra Bastida, Diego"]
[Result "1/2-1/2"]
[WhiteElo "2383"]
[BlackElo "2432"]
[PlyCount "77"]
[EventDate "2010.03.31"]
[EventType "swiss"]
[EventRounds "9"]
[EventCountry "ESP"]
[Source "lmi"]
[SourceDate "2010.03.31"]

1. e4 g6 2. d4 Bg7 3. Nf3 d6 4. Bc4 e6 5. Bb3 Ne7 6. O-O Nd7 7. Re1 O-O 8. Nbd2
c5 9. c3 Nc6 10. Nc4 cxd4 11. cxd4 d5 12. exd5 exd5 13. Nce5 Ndxe5 14. Nxe5 Na5
15. Bd2 Be6 16. Ba4 Qb6 17. Bc3 Nc4 18. Bb3 Rfd8 19. Nf3 Rac8 20. Ng5 Bf5 21.
h3 h6 22. Nf3 a5 23. Bxc4 dxc4 24. Qa4 Qf6 25. Bxa5 Qa6 26. Qa3 Rxd4 27. Nxd4
Bxd4 28. Rad1 Bd3 29. Bd2 Qf6 30. Bc3 Bxf2+ 31. Kh1 Qg5 32. Re5 Qh4 33. Qe7
Qxe7 34. Rxe7 b6 35. a3 g5 36. g4 Bc5 37. Ree1 Bf2 38. Re7 Bc5 39. Ree1 1/2-1/2

[Event "37. Torneo Internacional de La Roda"]
[Site "La Roda ESP"]
[Date "2010.04.03"]
[Round "7.13"]
[White "Cruz Lledo, Pablo"]
[Black "Pap, Misa"]
[Result "1/2-1/2"]
[WhiteElo "2232"]
[BlackElo "2521"]
[PlyCount "137"]
[EventDate "2010.03.31"]
[EventType "swiss"]
[EventRounds "9"]
[EventCountry "ESP"]
[Source "lmi"]
[SourceDate "2010.03.31"]

1. d4 Nf6 2. c4 c5 3. d5 b5 4. cxb5 a6 5. b6 Qxb6 6. Nc3 d6 7. e4 g6 8. Be2 Bg7
9. Nf3 O-O 10. Nd2 Nbd7 11. a4 Qa7 12. a5 Ne8 13. Nc4 Nc7 14. Na4 Rb8 15. Nab6
Na8 16. Na4 Nc7 17. Nab6 Nb5 18. O-O Nd4 19. Bg5 Ne5 20. Nxe5 Bxe5 21. h4 Bd7
22. Bxa6 Bb5 23. Bxb5 Nxb5 24. Qa4 Nd4 25. Rfe1 Rb7 26. h5 Qa6 27. Bh6 Rd8 28.
hxg6 hxg6 29. Qd1 Kh7 30. Bg5 Qb5 31. f4 Bg7 32. Ra3 Qxb2 33. Rh3+ Kg8 34. Qg4
Qd2 35. Qh4 f6 36. Bh6 Nc2 37. Bxg7 Qxe1+ 38. Qxe1 Nxe1 39. Rh8+ Kxg7 40. Rxd8
Nd3 41. Rc8 Ra7 42. Ra8 Rxa8 43. Nxa8 c4 44. Nc7 c3 45. Ne6+ Kf7 46. Nd4 Nc5
47. Kf1 Ke8 48. Ke2 Nxe4 49. a6 c2 50. Nxc2 Nc3+ 51. Kd3 Nxd5 52. Kc4 Nc7 53.
Nb4 Kd7 54. g4 e6 55. a7 Kc8 56. Na6 Na8 57. f5 exf5 58. gxf5 gxf5 59. Kd5 Kd7
60. Nb8+ Kc7 61. Na6+ Kb6 62. Nb4 f4 63. Nd3 f3 64. Kxd6 Kxa7 65. Ke6 Nb6 66.
Kxf6 Nd7+ 67. Kf5 Nc5 68. Kf4 Nxd3+ 69. Kxf3 1/2-1/2

[Event "37. Torneo Internacional de La Roda"]
[Site "La Roda ESP"]
[Date "2010.04.03"]
[Round "7.14"]
[White "Del Rio De Angelis, Salvador G"]
[Black "Picazo Lopez, Juan Antonio"]
[Result "1-0"]
[WhiteElo "2524"]
[BlackElo "2269"]
[PlyCount "47"]
[EventDate "2010.03.31"]
[EventType "swiss"]
[EventRounds "9"]
[EventCountry "ESP"]
[Source "lmi"]
[SourceDate "2010.03.31"]

1. d4 d5 2. c4 c6 3. Nf3 Nf6 4. Nc3 dxc4 5. a4 Bf5 6. e3 e6 7. Bxc4 Bb4 8. O-O
O-O 9. Qe2 Bg6 10. Ne5 Nbd7 11. Nxg6 hxg6 12. Rd1 Qe7 13. e4 Rfd8 14. e5 Nd5
15. Ne4 c5 16. Bg5 f6 17. exf6 gxf6 18. Bxd5 fxg5 19. Bb3 cxd4 20. Rxd4 Nf8 21.
Rxd8 Rxd8 22. Rc1 Bd6 23. g3 b6 24. Qb5 1-0

[Event "37. Torneo Internacional de La Roda"]
[Site "La Roda ESP"]
[Date "2010.04.03"]
[Round "7.15"]
[White "Larino Nieto, David"]
[Black "Cuenca Jimenez, Francisco Javie"]
[Result "1-0"]
[WhiteElo "2462"]
[BlackElo "2205"]
[PlyCount "97"]
[EventDate "2010.03.31"]
[EventType "swiss"]
[EventRounds "9"]
[EventCountry "ESP"]
[Source "lmi"]
[SourceDate "2010.03.31"]

1. d4 Nf6 2. c3 d5 3. Bg5 Nbd7 4. Nd2 g6 5. e3 Bg7 6. Bd3 b6 7. f4 Bb7 8. Qc2
c5 9. Ngf3 O-O 10. Ne5 Ne8 11. h4 c4 12. Be2 Nxe5 13. fxe5 f6 14. Bf4 f5 15. h5
Nc7 16. h6 Bh8 17. Nf3 Qd7 18. Ng5 b5 19. O-O a5 20. b3 Bc6 21. Bf3 Ne6 22.
bxc4 Nxg5 23. Bxg5 bxc4 24. Rfb1 Rfb8 25. Rxb8+ Rxb8 26. Rb1 Rb7 27. Bd1 a4 28.
Rxb7 Qxb7 29. Qc1 a3 30. Qxa3 Qb1 31. Qxe7 Qxd1+ 32. Kh2 Qh5+ 33. Kg3 Qg4+ 34.
Kf2 f4 35. e6 fxe3+ 36. Bxe3 Qf5+ 37. Kg3 Qf6 38. Bg5 Qxe7 39. Bxe7 Bxd4 40.
cxd4 c3 41. Kf4 c2 42. Ba3 Bb5 43. Ke5 Bc4 44. Kf6 Bb5 45. Ke7 Bd3 46. Bc1 Bb5
47. g3 Bd3 48. a4 Ba6 49. Kd8 1-0

[Event "37. Torneo Internacional de La Roda"]
[Site "La Roda ESP"]
[Date "2010.04.03"]
[Round "7.16"]
[White "Suba, Mihai"]
[Black "Van Hoolandt, Patrick"]
[Result "1-0"]
[WhiteElo "2451"]
[BlackElo "2201"]
[PlyCount "60"]
[EventDate "2010.03.31"]
[EventType "swiss"]
[EventRounds "9"]
[EventCountry "ESP"]
[Source "lmi"]
[SourceDate "2010.03.31"]

1. Nf3 Nf6 2. c4 e6 3. b3 b6 4. g3 Bb7 5. Bg2 Be7 6. O-O O-O 7. Nc3 d5 8. cxd5
exd5 9. d4 Nbd7 10. Bb2 Re8 11. Rc1 a6 12. Ne5 Bf8 13. e3 Rb8 14. Ne2 Nxe5 15.
dxe5 Ne4 16. Qc2 c5 17. Rfd1 Qg5 18. Nf4 Rxe5 19. Bxe5 Qxe5 20. Qd3 Qf6 21. Rc2
Be7 22. Nxd5 Bxd5 23. Bxe4 Be6 24. Bxh7+ Kh8 25. Be4 Bg4 26. f3 Be6 27. Qxa6
Qe5 28. Qa7 Re8 29. Qa4 Rf8 30. f4 Qh5 1-0

[Event "37. Torneo Internacional de La Roda"]
[Site "La Roda ESP"]
[Date "2010.04.03"]
[Round "7.17"]
[White "Monroy, Charles"]
[Black "Suarez Uriel, Adrian"]
[Result "1-0"]
[WhiteElo "2449"]
[BlackElo "2152"]
[PlyCount "129"]
[EventDate "2010.03.31"]
[EventType "swiss"]
[EventRounds "9"]
[EventCountry "ESP"]
[Source "lmi"]
[SourceDate "2010.03.31"]

1. Nf3 Nf6 2. c4 g6 3. Nc3 c5 4. d4 cxd4 5. Nxd4 Bg7 6. e4 Nc6 7. Nc2 O-O 8.
Be2 d6 9. O-O Nd7 10. Bd2 a5 11. Qc1 Nc5 12. Bh6 f5 13. Bxg7 Kxg7 14. exf5 Bxf5
15. Ne3 Be6 16. Qd2 Rf7 17. Ncd5 Qf8 18. f3 Kh8 19. b3 Qg7 20. Rad1 Bxd5 21.
Nxd5 Ne6 22. Bd3 Raf8 23. Be4 Qd4+ 24. Qxd4+ Nexd4 25. Rd2 e5 26. Ne3 Nb4 27.
Rb1 Ra8 28. a3 Nbc6 29. Kf2 Nd8 30. Nc2 Nxc2 31. Bxc2 Rd7 32. Rbd1 Nf7 33. Be4
Rc7 34. a4 Ra6 35. Rd5 Kg7 36. Rb5 b6 37. h4 Rd7 38. Bd5 Nd8 39. g4 Kf6 40. Kg3
Ne6 41. Bxe6 Kxe6 42. f4 exf4+ 43. Kxf4 Rf7+ 44. Kg5 Rf3 45. Kh6 Rf4 46. Kg5
Rf3 47. Rd4 Rf7 48. Kh6 Rf8 49. Kxh7 g5 50. Re4+ Kd7 51. Rxg5 Raa8 52. Rg7+ Kc6
53. h5 Rf3 54. h6 Rxb3 55. Ree7 Kc5 56. Rg8 Rxg8 57. Kxg8 Rg3 58. Re4 d5 59.
cxd5 Kxd5 60. Rf4 Ke5 61. Rf5+ Ke6 62. Rg5 Kf6 63. Rg7 Rc3 64. g5+ Kf5 65. Rf7+
1-0

[Event "37. Torneo Internacional de La Roda"]
[Site "La Roda ESP"]
[Date "2010.04.03"]
[Round "7.18"]
[White "Gallardo Garcia, Andres"]
[Black "Guadamuro Torrente, Anabel"]
[Result "0-1"]
[WhiteElo "2412"]
[BlackElo "2090"]
[PlyCount "94"]
[EventDate "2010.03.31"]
[EventType "swiss"]
[EventRounds "9"]
[EventCountry "ESP"]
[Source "lmi"]
[SourceDate "2010.03.31"]

1. d4 d5 2. c4 c6 3. Nf3 Nf6 4. cxd5 cxd5 5. Nc3 Nc6 6. Bf4 Qb6 7. Na4 Qa5+ 8.
Bd2 Qd8 9. e3 e6 10. Be2 Bd6 11. a3 O-O 12. Rc1 Ne4 13. b4 a6 14. Nc5 e5 15.
dxe5 Nxe5 16. Nxe5 Bxe5 17. Nd3 Bd6 18. O-O Qh4 19. Nf4 Be6 20. g3 Qe7 21. Bf3
Rac8 22. Nxe6 Qxe6 23. Rxc8 Rxc8 24. Bc1 Be5 25. Bg2 h6 26. Qe2 b5 27. f3 Nf6
28. Rd1 Bb8 29. Qd3 Ba7 30. Bd2 Rc4 31. Kf1 d4 32. e4 Nd7 33. f4 Nb6 34. Re1
Na4 35. e5 g6 36. Qe4 Kg7 37. Qa8 Rc2 38. Qxa7 Rxd2 39. Qb7 Nc3 40. h3 Qc4+ 41.
Kg1 Ne2+ 42. Kh2 Qd3 43. Qf3 Qxf3 44. Bxf3 Nxf4+ 45. Kh1 Nxh3 46. Bb7 d3 47.
Bxa6 Re2 0-1

[Event "37. Torneo Internacional de La Roda"]
[Site "La Roda ESP"]
[Date "2010.04.03"]
[Round "7.19"]
[White "Fernandez Siles, Luis"]
[Black "Fernandez Fernandez, Juan Carlo"]
[Result "1-0"]
[WhiteElo "2364"]
[BlackElo "2088"]
[PlyCount "49"]
[EventDate "2010.03.31"]
[EventType "swiss"]
[EventRounds "9"]
[EventCountry "ESP"]
[Source "lmi"]
[SourceDate "2010.03.31"]

1. d4 Nf6 2. c4 g6 3. Nc3 d5 4. cxd5 Nxd5 5. Bd2 Bg7 6. e4 Nb6 7. Be3 O-O 8.
Be2 Nc6 9. Nf3 Bg4 10. d5 Na5 11. Bd4 Bxf3 12. gxf3 Bxd4 13. Qxd4 Nc6 14. Qe3
Ne5 15. h4 Qd6 16. f4 Nec4 17. Bxc4 Nxc4 18. Qe2 Qb4 19. O-O-O b5 20. h5 Qc5
21. Rh3 Nb6 22. Qxb5 Qxf2 23. Rf1 Qd4 24. Rfh1 Nc4 25. Rd1 1-0

[Event "37. Torneo Internacional de La Roda"]
[Site "La Roda ESP"]
[Date "2010.04.03"]
[Round "7.20"]
[White "Tudela Corbalan, Carlos"]
[Black "Picard, Romain"]
[Result "1/2-1/2"]
[WhiteElo "2199"]
[BlackElo "2363"]
[PlyCount "87"]
[EventDate "2010.03.31"]
[EventType "swiss"]
[EventRounds "9"]
[EventCountry "ESP"]
[Source "lmi"]
[SourceDate "2010.03.31"]

1. e4 e5 2. f4 d5 3. d4 exd4 4. e5 Bb4+ 5. Bd2 Bxd2+ 6. Qxd2 c5 7. c3 Nc6 8.
Bb5 Qb6 9. Bxc6+ bxc6 10. Nf3 d3 11. c4 Rb8 12. Nc3 Qxb2 13. O-O Qxd2 14. Nxd2
Rb2 15. Rf2 Rc2 16. Na4 Nh6 17. h3 Nf5 18. Nxc5 dxc4 19. Nde4 Rxf2 20. Kxf2 Ke7
21. Rc1 Rd8 22. g4 Nh6 23. Nd2 f6 24. exf6+ gxf6 25. Rxc4 Nf7 26. Re4+ Kd6 27.
Nxd3 c5 28. Re3 Kc6 29. f5 h5 30. Ne4 hxg4 31. hxg4 c4 32. Nf4 Rd4 33. Kf3 Bxf5
34. gxf5 Nh6 35. Ne6 Nxf5 36. Kf4 Rd5 37. Rc3 Nd6 38. Nxd6 Kxd6 39. Ng7 Kc5 40.
Nf5 Kb4 41. Rc2 c3 42. Ne3 Rd2 43. Ke4 Ka4 44. Rxc3 1/2-1/2

[Event "37. Torneo Internacional de La Roda"]
[Site "La Roda ESP"]
[Date "2010.04.03"]
[Round "7.21"]
[White "Valmana Canto, Jaime"]
[Black "Escudero Manzano, Alejandro"]
[Result "1-0"]
[WhiteElo "2354"]
[BlackElo "2062"]
[PlyCount "63"]
[EventDate "2010.03.31"]
[EventType "swiss"]
[EventRounds "9"]
[EventCountry "ESP"]
[Source "lmi"]
[SourceDate "2010.03.31"]

1. e4 c5 2. Ne2 e6 3. Nbc3 a6 4. d4 cxd4 5. Nxd4 b6 6. Bd3 Bb7 7. O-O Qc7 8.
Qe2 d6 9. f4 Nd7 10. Bd2 Be7 11. Rae1 h5 12. Nf3 Ngf6 13. Kh1 h4 14. Ng5 Nh5
15. Nh3 Nc5 16. Be3 b5 17. a3 O-O-O 18. Qf2 Rdg8 19. b4 Nd7 20. Ne2 Kb8 21. a4
Ndf6 22. Ba7+ Kc8 23. axb5 axb5 24. Nd4 Bc6 25. Nxc6 Qxc6 26. Qe2 Qb7 27. Ra1
Kc7 28. Bxb5 Qxe4 29. Qf2 Nd7 30. Bb6+ Kc8 31. Ra7 Nhf6 32. Ba6+ 1-0